The mountains of the Mediterranean world : (Record no. 111791)

MARC details
000 -LEADER
campo de control de longitud fija 01126nam a2200349Mi 4500
001 - NÚMERO DE CONTROL
campo de control 89417
005 - FECHA Y HORA DE LA ÚLTIMA TRANSACCIÓN
campo de control 20230411090047.0
008 - DATOS DE LONGITUD FIJA--INFORMACIÓN GENERAL
campo de control de longitud fija 040409s2002 nyuba f 001 0 eng d
035 ## - NÚMERO DE CONTROL DEL SISTEMA
Número de control de sistema (OCoLC)ocn444147252
040 ## - FUENTE DE CATALOGACIÓN
Centro catalogador/agencia de origen SILIS
Normas de descripción ppiak
Lengua de catalogación slv
Centro/agencia transcriptor SILIS
020 ## - NÚMERO INTERNACIONAL ESTÁNDAR DEL LIBRO
Número Internacional Estándar del Libro 0521332486 (hbk)
020 ## - NÚMERO INTERNACIONAL ESTÁNDAR DEL LIBRO
Número Internacional Estándar del Libro 9780521332484 (hbk)
020 ## - NÚMERO INTERNACIONAL ESTÁNDAR DEL LIBRO
Número Internacional Estándar del Libro 0521522889 (pb)
020 ## - NÚMERO INTERNACIONAL ESTÁNDAR DEL LIBRO
Número Internacional Estándar del Libro 9780521522885 (pb)
035 ## - NÚMERO DE CONTROL DEL SISTEMA
Número de control de sistema (OCoLC)444147252
044 ## - CÓDIGO DEL PAÍS DE LA ENTIDAD EDITORA/PRODUCTORA
Código MARC del país xxu
Código ISO del país usa
080 ## - NÚMERO DE LA CLASIFICACIÓN DECIMAL UNIVERSAL
Número de la Clasificación Decimal Universal 911
049 ## - FONDOS LOCALES (OCLC)
Biblioteca depositaria GRAL
100 1# - ENTRADA PRINCIPAL--NOMBRE DE PERSONA
Nombre de persona , J. R.
Relación aut
245 04 - MENCIÓN DEL TÍTULO
Título The mountains of the Mediterranean world :
Resto del título an environmental history /
Mención de responsabilidad, etc. J. R. McNeill.
250 ## - MENCION DE EDICION
Mención de edición 1st paperback ed.
260 ## - PUBLICACIÓN, DISTRIBUCIÓN, ETC.
Lugar de publicación, distribución, etc. New York :
Nombre del editor, distribuidor, etc. Cambridge University Press,
Fecha de publicación, distribución, etc. 2002.
300 ## - DESCRIPCIÓN FÍSICA
Extensión XVII, 423 str. :
Otras características físicas ilustr. ;
Dimensiones 24 cm.
490 1# - MENCIÓN DE SERIE
Mención de serie Studies in environment and history
504 ## - NOTA DE BIBLIOGRAFÍA, ETC.
Nota de bibliografía, etc. Bibliografija: str. 359-417.
504 ## - NOTA DE BIBLIOGRAFÍA, ETC.
Nota de bibliografía, etc. Kazalo.
653 0# - TÉRMINO DE INDIZACIÓN--NO CONTROLADO
Término no controlado Sredozemlje
-- Evropa
-- Jugozahodna Azija
-- Severna Afrika
-- druézbena geografija
-- varstvo okolja
-- gorski svet
-- zgodovina
830 #0 - PUNTO DE ACCESO ADICIONAL DE SERIE-TÍTULO UNIFORME
Título uniforme Studies in environment and history.
942 ## - ELEMENTOS DE ENTRADA SECUNDARIOS (KOHA)
Fuente del sistema de clasificación o colocación Clasificación de Library of Congress
Tipo de ítem Koha
994 ## -
-- C0
-- DRFGD
946 ## - PROCESAMIENTO DE INFORMACIÓN LOCAL (OCLC)
a web
Holdings
Estatus retirado Estado de pérdida Fuente del sistema de clasificación o colocación Estado de daño No para préstamo Colección Biblioteca de origen Biblioteca actual Ubicación en estantería Fecha de adquisición Código de barras Visto por última vez Copia número Tipo de ítem Koha
    Clasificación de Library of Congress     Automatización y Procesos Técnicos Biblioteca Juan Bosch Biblioteca Juan Bosch Automatización y Procesos Técnicos (1er. Piso) 11/04/2023 00000077818 17/02/2019 1